| 000 | 01305nam0a22002771 4500 | ||
|---|---|---|---|
| 001 | rc\636316 | ||
| 005 | 20250621192733.0 | ||
| 035 | _a(NLR Aleph) 005878149 | ||
| 090 |
_a6049836 _c6049836 |
||
| 100 | _a20031121d1986 |||y0rusy50 ca | ||
| 101 | 0 | _arus | |
| 102 | _aRU | ||
| 105 | _ay ||||||||| | ||
| 200 | 1 |
_aСССР - Западная Европа: проблемы торгово-экономических отношений _fИ.Д. Иванов, Ю.В. Андреев, К.В. Воронов и др. _g[Отв. ред. В.Н. Шенаев, Ю.В. Андреев _gАН СССР, Ин-т мировой экономики и междунар. отношений] |
|
| 210 |
_aМ. _cМеждунар. отношения _d1986 |
||
| 215 |
_a350 с. _d21 |
||
| 225 | 1 | _aСерия "Торгово-экономические отношения СССР с капиталистическими и развивающимися странами" | |
| 320 | _aБиблиогр. в примеч.: с. 341-348 | ||
| 701 | 1 |
_aИванов _bИ.Д. _gИван Дмитриевич |
|
| 702 | 1 |
_aШенаев _bВ.Н. _f1929-2010 _gВладимир Никитович _4340 |
|
| 801 | 0 |
_aRU _bNLR _gpsbo |
|
| 801 | 1 |
_aRU _bELAR _2rusmarc |
|
| 852 |
_aNLR _j86-3/4169 |
||
| 942 | _cBOOK | ||
| 980 | _aNB | ||